00352nam a2200133Ia 4500008004100000041001200041082001600053100001600069245006900085260003100154300000800185650000800193700001700201221030s9999 xx 000 0 und d aEnglish a105.23bGod aA. P. Godse 0aElectronic Devices & Circuits - IIcby A. P. Godse, U. A. Bakshi bTechnical Pub.aPunec2002 a748 aECE aU. A. Bakshi